|
|
|
|
| LEADER |
01000nam a22002297a 4500 |
| 001 |
37945 |
| 003 |
BD-DhAAL |
| 008 |
220309t2013 bg a|||| |||| 00| 0 ben d |
| 999 |
|
|
|c 43715
|d 43715
|
| 020 |
|
|
|a 9789846032598
|
| 040 |
|
|
|a BD-DhAAL
|
| 082 |
|
|
|a 292
|
| 100 |
|
|
|a খান, বদরে আলম
|9 46650
|
| 245 |
|
|
|a বিশ্বসাহিত্যে গ্রীক পৌরণিক গল্প /
|c বদরে আলম খান
|
| 246 |
|
|
|a Biswa shahitye Greek pouranic galpa
|
| 260 |
|
|
|a ঢাকা :
|b পলল প্রকাশনী,
|c ২০১৩.
|
| 300 |
|
|
|a ৩০৪ পৃষ্ঠা ;
|b চিত্র ;
|c ২২ সে.মি.
|
| 541 |
|
|
|a Donated By Akbar Ali Khan
|e 37945
|
| 650 |
|
|
|a Mythology, Greek.
|9 46651
|
| 852 |
|
|
|a Ayesha Abed Library
|c Akbar Ali Khan Collection
|
| 942 |
|
|
|2 ddc
|c BK
|
| 952 |
|
|
|0 0
|1 0
|2 ddc
|4 0
|6 292_000000000000000_KHA
|7 1
|9 70058
|a BRACUL
|b BRACUL
|c AAKC
|d 2022-03-09
|e Donated by Akbar Ali Khan
|l 0
|o 292 KHA
|p 3010037945
|r 2022-03-09
|t 1
|w 2022-03-09
|y BK
|